Stadi delle Finali di UEFA Champions League - Statistics

Statistiche generali
  • Questo quiz è stato fatto 85 volte
  • Il punteggio medio è 9 su 31
Statistiche sulle risposte
con Immagini Risposta % Corretto
Stadio Giuseppe Meazza - Milano
100%
Stadio Santiago Bernabéu - Madrid
87%
Camp Nou - Barcellona
82%
Stadio di Wembley - Londra
81%
Allianz Arena - Monaco di Baviera
79%
Old Trafford - Manchester
69%
Stadio olimpico Atatürk - Istanbul
46%
Stadio San Nicola - Bari
38%
Parco dei Principi - Parigi
37%
Stadio da Luz - Lisbona
35%
Stadio do Dragão - Porto
35%
Stadio Olimpico - Roma
32%
Stadio Cívitas Metropolitano - Madrid
28%
Stadio Olimpico (Berlino) - Berlino
25%
Johan Cruijff Arena - Amsterdam
22%
Stade de France - Saint-Denis
22%
Stadio Olimpico (Kiev) - Kiev
9%
Hampden Park - Glasgow
7%
Stadio Ernst Happel - Vienna
7%
Stadio Lužniki - Mosca
7%
Stadio Olimpico (Monaco di Baviera) - Monaco di Baviera
7%
Veltins-Arena - Gelsenkirchen
7%
Millennium Stadium - Cardiff
6%
Stadio Feijenoord - Rotterdam
6%
Stadio Ramón Sánchez-Pizjuán - Siviglia
3%
Stadio Re Baldovino - Bruxelles
3%
MHPArena - Stoccarda
1%
Stadio olimpico Spyros Louīs - Atene
1%
Stadio nazionale di Jamor - Oireas
0%
Stadio Olimpico (Amsterdam) - Amsterdam
0%
Stadio Wankdorf - Berna
0%
Nessun quiz corrispondente trovato
Distribuzione punteggi
Percentuale di utenti per punteggio
Percentile per numero di risposta
I tuoi punteggi nel tempo
Non hai fatto questo quiz